000 00450nam a22001697a 4500
005 20251108164120.0
008 250721s1984 xx 000 0 ara d
082 1 4 _a210/مصط
100 1 _aمشهور، مصطفى
245 1 0 _aزاد على الطريق /
264 1 _aعمان :
_bدار الأرقم،
_c1984.
300 _a196 ص
490 0 _aمن فقه الدعوة ؛ 2
650 1 7 _aالإسلام
942 _2ddc
_cBK
999 _c4001
_d4001